Normal view
MARC view
Entry Personal Name
001 - CONTROL NUMBER
- control field: 8697
003 - CONTROL NUMBER IDENTIFIER
- control field: ARRUPE
005 - DATE AND TIME OF LATEST TRANSACTION
- control field: 20140217143130.0
008 - FIXED-LENGTH DATA ELEMENTS
- fixed length control field: 140217|| aca||aabn | a|a d
040 ## - CATALOGING SOURCE
- Original cataloging agency: ARRUPE
- Transcribing agency: ARRUPE
100 ## - HEADING--PERSONAL NAME
- Personal name: Dube, Aleta (tr)
670 ## - SOURCE DATA FOUND
- Source citation: Work cat.: (ARRUPE): Catholic Church 8695, Dzidziso YeKirike Katorike, 2013